000 01057cab a2200301 4500
001 ABS48695
008 090401t1993 xxu||||| |||| 00| 0 eng d
035 _a(Sirsi) u68125
041 _aeng
100 _aJiang, L.
245 _aLand reforms in China
260 _c1993
350 _a0
490 _aProperty Management
_v11(2) Spring 1993, 146-154(9)
520 _aDescribes recent economic and land reforms in China, major changes in the Chinese property market and analyses the specific needs of the People`s Republic of China for property management valuation skills. It also describes the efforts by Chinese academic institutions to provide a suitably trained property profession. (Journal abstract)
650 _aCHINA
650 _aEDUCATION AND TRAINING
650 _aLAND REFORM
650 _aPROPERTY LAW
650 _aProperty management
_96262
690 _aLAND
690 _aOVERSEAS-REST OF THE WORLD
700 _aPlimmer, F.
700 _aHibberd, P.
700 _aGronow, S.
942 _n0
948 _c04/03/1997
999 _c42710
_d42710